000 01010nam a22002777a 4500
005 20110608103154.0
008 110628t xxu||||| |||| 00| 0 eng d
010 _aENG-102720
020 _a9780198070740
_c850.00
020 _a0198070748
_c850.00
035 _aEN-86253
037 _bDBAD / PUB
040 _adpl
_bEnglish
082 _a954.07
100 _928493
_aGrewal, J.S.
245 _aHistory, literature, and Identity :
_cby J.S. Grewal
_bfour centuries of Sikh tradition /
260 _aNew Delhi
_bOxford University Press
_c2011
270 _aYMCA Library Building, Jai Singh Road
_bNew Delhi
_e110001
300 _axiv,332 p. :
_c22cm (Hb)
_bill
500 _aIncludes bibliographcal references and index
650 _928496
650 _928522
700 _928520
942 _2ddc
_cEN
_mGRE
_h954.07
999 _c53321
_d53321